Statistika jednoduše průvodce světem statistiky
Salvato in:
| Autore principale: | |
|---|---|
| Natura: | Libro |
| Lingua: | ceco |
| Pubblicazione: |
Praha
Grada Publishing
2022
|
| Edizione: | 1. vydání |
| Soggetti: | |
| Tags: |
Nessun Tag, puoi essere il primo ad aggiungerne!!
|
MARC
| LEADER | 00000nam a2200000 4500 | ||
|---|---|---|---|
| 001 | 0292021 | ||
| 005 | 20240416113609.1 | ||
| 020 | |a 978-80-271-1738-3 | ||
| 041 | 0 | |a cze | |
| 044 | |a CZ | ||
| 245 | 1 | 0 | |a Statistika jednoduše |b průvodce světem statistiky |c Julius Janáček |
| 250 | |a 1. vydání | ||
| 264 | 1 | |a Praha |b Grada Publishing |c 2022 | |
| 300 | |a 120 s. | ||
| 610 | 2 | 0 | |a štatistika |
| 610 | 2 | 0 | |a pravdepodobnosť |
| 610 | 2 | 0 | |a korelácia |
| 610 | 2 | 0 | |a testovanie hypotéz |
| 610 | 2 | 0 | |a regresia |
| 610 | 2 | 0 | |a testy |
| 100 | 1 | |a Janáček, Julius | |